| 000 | 00367nam a2200145Ia 4500 | ||
|---|---|---|---|
| 008 | 151213s9999 xx 000 0 und d | ||
| 100 | _aL. Swanson | ||
| 245 |
_aMicrosoft Project for Windows 95 Step by Step _cL. Swanson |
||
| 260 |
_aU S A _bCatapull _c1995 |
||
| 300 | _a2675 p. | ||
| 650 | _aComputer | ||
| 650 | _aComputer | ||
| 700 | _aL. Swanson | ||
| 999 |
_c1787 _d1787 |
||